Countries With the Smallest Exclusive Economic Zone - Statistics

General Stats
  • This quiz has been taken 8,361 times
    8,329 since last reset
  • The average score is 11 of 20
Answer Stats
km² Country % Correct
288 Monaco
88%
675 Singapore
78%
13 Bosnia and Herzegovina
74%
7,516 Bahrain
72%
10,775 Kuwait
69%
7,223 Djibouti
65%
6,383 Montenegro
62%
214 Slovenia
61%
18,857 Lebanon
59%
3,531 Belgium
55%
6,864 Lithuania
53%
15,447 Togo
53%
13,691 Albania
52%
9,502 Saint Kitts and Nevis
44%
15,413 Saint Lucia
44%
97 Jordan
41%
13,373 D. R. Congo
40%
1,370 Iraq
39%
10,269 Syria
37%
15,143 Cameroon
17%
No matching quizzes found
Score Distribution
Percent of People with Each Score
Percentile by Number Answered
Your Score History
You have not taken this quiz since the last reset